000 00648nam a2200217 i 4500
001 bg
100 1 _aBardach, Juliusz
_d(1914-2010).
245 1 0 _aHistoria państwa i prawa Polski do roku 1795.
_nCz.1,
_pDo połowy XV wieku /
_cJuliusz Bardach.
260 _aWarszawa :
_bPańst. Wydaw. Naukowe,
_c1957.
300 _a592, [1] s. ;
_c24 cm.
504 _aBibliogr. przy rozdz.
650 9 _aPrawo
_xhistoria
_zPolska
651 9 _aPolska
_xustrój
_xhistoria
655 _aPodręczniki akademickie
040 _cBPK
041 0 _apl
080 _a342.3(438)
080 _a(075.8)
942 _cKS
008 s pl f |000 0 pol
999 _c37437
_d37437
856 _uhttp://koha.tu.koszalin.pl/cgi-bin/koha/opac-detail.pl?biblionumber=37437
_yKatalog online BPK